|
|
|
|
| LEADER |
00000nam0a2200000 4500 |
| 001 |
186561 |
| 005 |
20231101224005.0 |
| 035 |
|
|
|a (RuTPU)RU\TPU\book\202414
|
| 090 |
|
|
|a 186561
|
| 100 |
|
|
|a 20101030d1986 km y0rusy50 ca
|
| 101 |
0 |
|
|a rus
|
| 102 |
|
|
|a RU
|
| 105 |
|
|
|a a z 001zy
|
| 200 |
1 |
|
|a Автоматическое повторное включение
|f В. В. Овчинников
|
| 210 |
|
|
|a Москва
|c Энергоатомиздат
|d 1986
|
| 215 |
|
|
|a 95 с.
|c ил.
|
| 225 |
1 |
|
|a Библиотека электромонтера
|v Вып. 587
|
| 320 |
|
|
|a Библиогр.: с. 93.
|
| 606 |
1 |
|
|a Выключатели автоматические
|x Эксплуатация
|2 stltpush
|3 (RuTPU)RU\TPU\subj\3857
|9 32201
|
| 610 |
1 |
|
|a устройства
|
| 610 |
1 |
|
|a автоматическое повторное включение
|
| 610 |
1 |
|
|a АПВ
|
| 610 |
1 |
|
|a применение
|
| 610 |
1 |
|
|a виды
|
| 610 |
1 |
|
|a выключатели
|
| 610 |
1 |
|
|a релейная защита
|
| 610 |
1 |
|
|a расчет
|
| 610 |
1 |
|
|a наладка
|
| 675 |
|
|
|a 621.316.57
|v 3
|
| 700 |
|
1 |
|a Овчинников
|b В. В.
|g Владимир Васильевич
|
| 801 |
|
1 |
|a RU
|b 63413507
|c 20101030
|
| 801 |
|
2 |
|a RU
|b 63413507
|c 20161026
|g RCR
|
| 942 |
|
|
|c BK
|